| 000 | 00808nam a22002777a 4500 | ||
|---|---|---|---|
| 003 | CHAP | ||
| 005 | 20220329140957.0 | ||
| 008 | 971013s1932 r 00010 d | ||
| 010 | _a60803 | ||
| 011 | _a61775 | ||
| 035 | _a65943 | ||
| 040 | _cCHAP | ||
| 082 |
_a589 _bF67 |
||
| 245 | _aFortschritte der Botanik, v.1- , 1931- | ||
| 260 |
_aBerlin : _bSpringer-Verlag, _c1932- |
||
| 300 | _av. | ||
| 500 | _aLa biblioteca tiene : v.31, 1969 | ||
| 590 |
_aBATCH-UPD _b10 _c20130110 _lUCH01 _h1819 |
||
| 590 |
_aBATCH-UPD _b10 _c20130410 _lUCH01 _h1153 |
||
| 590 |
_aBATCH-UPD _b10 _c20130914 _lUCH01 _h0735 |
||
| 590 |
_aCONVERSION _b10 _c20130109 _lUCH01 _h1333 |
||
| 650 | 1 | 4 |
_aBotánica. _914477 |
| 901 | _aBK | ||
| 942 | _cLIBRO | ||
| 949 |
_a589 F67 _bBC _cLIBRO _d33724000500963 _eLIBRO _fv.31 _h15538 _i65943 _si |
||
| 999 |
_c60803 _d60803 |
||